000 00315nam a2200133 i 4500
001 bg
100 1 _aWIELAND, J.
245 1 0 _aPodstawy elektroniki.
_nCz. 2,
_pTranzystory /
_cJ. Wieland.
260 _aGdynia,
_c1983.
040 _cBPK
041 _apol
942 _cKS
008 s pl f |000 0 pol
999 _c22124
_d22124
856 _uhttp://koha.tu.koszalin.pl/cgi-bin/koha/opac-detail.pl?biblionumber=22124
_yKatalog online BPK